000 01213nam a2200301 a 4500
001 ebr10506596
003 CaPaEBR
006 m u
007 cr cn|||||||||
008 111206s2011 cauad sb 000 0 eng d
010 _z 2011939018
020 _z9780833053206
020 _z9780833053251 (e-book)
040 _aCaPaEBR
_cCaPaEBR
035 _a(OCoLC)756854488
050 1 4 _aHV7936.C83
_bM68 2011eb
245 0 0 _aMoving toward the future of policing
_h[electronic resource] /
_cGregory F. Treverton ... [et al.].
260 _aSanta Monica, Calif. :
_bRAND Corporation,
_c2011.
300 _axxv, 156 p. :
_bill. (some col.)
504 _aIncludes bibliographical references.
533 _aElectronic reproduction.
_bPalo Alto, Calif. :
_cebrary,
_d2011.
_nAvailable via World Wide Web.
_nAccess may be limited to ebrary affiliated libraries.
650 0 _aCommunity policing.
655 7 _aElectronic books.
_2local
700 1 _aTreverton, Gregory F.
710 2 _aRand Corporation.
_bNational Security Research Division.
710 2 _aebrary, Inc.
856 4 0 _uhttp://site.ebrary.com/lib/rucke/Doc?id=10506596
_zAn electronic book accessible through the World Wide Web; click to view
999 _c117276
_d117276